Mathematical theories of economic growth. / (Record no. 721)

MARC details
000 -LEADER
fixed length control field 00937nam a22001577a 4500
008 - FIXED-LENGTH DATA ELEMENTS--GENERAL INFORMATION
fixed length control field 120417t xxu||||| |||| 00| 0 eng d
050 ## - LIBRARY OF CONGRESS CALL NUMBER
Classification number HD82.B775
100 ## - MAIN ENTRY--PERSONAL NAME
Personal name Burmeister, Edwin
245 ## - TITLE STATEMENT
Title Mathematical theories of economic growth. /
Statement of responsibility, etc. Edwin Burmeister
260 ## - PUBLICATION, DISTRIBUTION, ETC.
Place of publication, distribution, etc. New York:
Name of publisher, distributor, etc. Macmillan Pub. Center,
Date of publication, distribution, etc. 1970.
300 ## - PHYSICAL DESCRIPTION
Extent xx, 443 p.:
Dimensions 24cm.
500 ## - GENERAL NOTE
General note Includes index.
505 ## - FORMATTED CONTENTS NOTE
Formatted contents note Contents: Introduction -- One sector growth models -- Technological change in the one-sector model -- Two-sector growth models -- Extentions of the two-sector model -- Money and economic growth -- A Preview of multisector growth models -- Leontief models with alternative techniques -- Neoclassical multisector models without joint production -- Turnpike theorems and efficient economic growth -- Optimal economic growth -- Summary -- Appendix: Mathematical properties of nonnegative square matrices.
650 ## - SUBJECT ADDED ENTRY--TOPICAL TERM
Topical term or geographic name entry element Economics.
942 ## - ADDED ENTRY ELEMENTS (KOHA)
Source of classification or shelving scheme Library of Congress Classification
Koha item type Books
Holdings
Withdrawn status Lost status Source of classification or shelving scheme Damaged status Not for loan Home library Current library Shelving location Date acquired Total Checkouts Full call number Barcode Date last seen Copy number Price effective from Koha item type
    Library of Congress Classification     WISCONSIN INTERNATIONAL UNIVERSITY COLLEGE, GHANA - MAIN LIBRARY WISCONSIN INTERNATIONAL UNIVERSITY COLLEGE, GHANA - MAIN LIBRARY General Stacks 17/04/2012   HD82.B775 1650/12 17/04/2012 1 17/04/2012 Books

If you have any concerns or questions; kindly contact the library


© Powered by WIUC ICT DIRECTORATE